Países del Caribe menos adivinados en Jetpunk - Estadísticas

Estadísticas generales
  • Esta prueba ha sido intentada 21 veces
  • La puntuación promedio es 10 de 11
Estadísticas de respuestas
% de adivinación País % Correcto
36 Barbados
100%
29 Santa Lucía
100%
24 San Vicente y las Granadinas
100%
40 Trinidad y Tobago
100%
34 Antigua y Barbuda
95%
49 Bahamas
95%
22 San Cristóbal y Nieves
95%
28 Granada
85%
60 Jamaica
85%
59 Belice
70%
35 Dominicana
30%
No se encontraron pruebas coincidentes
Distribución de puntuación
Porcentaje de gente con cada puntuación
Porcentaje por número respondido
Historial de tus puntuaciones
No has intentado esta prueba.